000 00242 a2200097 4500
001 52403
100 _aVon Aulock
245 _aLinear Ferrite Devices for Microwave Applications
260 _aLondon
_bAcademic Press
_c
090 _c32970
_d32970
942 _aNUST-CAE
_cM
_c25525
999 _c287476
_d287476